Metodologia de la Investigación Cualitativa
| Hovedforfatter: | |
|---|---|
| Format: | Bog |
| Sprog: | spansk |
| Udgivet: |
Bilbao, España :
Universidad de Deusto,
1996
|
| Fag: |
MARC
| LEADER | 00000nam a2200000Ia 4500 | ||
|---|---|---|---|
| 008 | 180711b1996 cr ||||| |||| 00| | spa d | ||
| 999 | |c 2212 |d 2212 | ||
| 090 | |a 18.01.00 |b 523 | ||
| 100 | |a Ruiz Olabuévaga, J.I. | ||
| 245 | |a Metodologia de la Investigación Cualitativa | ||
| 260 | |a Bilbao, España : |b Universidad de Deusto, |c 1996 | ||
| 300 | |a 45 páginas | ||
| 500 | |a Capítulo 1: La investigación cualitativa | ||
| 650 | 1 | 4 | |a INVESTIGACIÓN CUALITATIVA |9 317 |
| 650 | 1 | 4 | |a MÉTODOS DE INVESTIGACIÓN |9 288 |
| 942 | |i 00906 |h 18.01.00 523 |2 z |c 01 | ||
